LEADER 01911nam 2200517I 450 001 9910704921003321 005 20131218163548.0 035 $a(CKB)5470000002446538 035 $a(OCoLC)865557393 035 $a(EXLCZ)995470000002446538 100 $a20131218d1986 ua 0 101 0 $aeng 135 $aurbn||||||||| 181 $ctxt$2rdacontent 182 $cc$2rdamedia 183 $acr$2rdacarrier 200 10$aOnboard processing satellite network architecture and control study /$fprepared by S. Joseph Campanella, Benjamin A. Pontano and Harvey Chalmers 210 1$aClarksburg, Maryland :$cComsat Laboratories ;$aCleveland, OH :$cNASA Lewis Research Center,$d[1987] 215 $a1 online resource (206 unnumbered pages) $cillustrations 225 1 $aContractor report ;$v180817 300 $aTitle from title screen (viewed on Dec. 18, 2013). 300 $a"June 1987." 320 $aIncludes bibliographical references (pages [194-195]). 606 $aArchitecture (computers)$2nasat 606 $aFrequency division multiple access$2nasat 606 $aOnboard data processing$2nasat 606 $aPacket switching$2nasat 606 $aTime division multiple access$2nasat 606 $aTime division multiplexing$2nasat 615 7$aArchitecture (computers) 615 7$aFrequency division multiple access. 615 7$aOnboard data processing. 615 7$aPacket switching. 615 7$aTime division multiple access. 615 7$aTime division multiplexing. 700 $aCampanella$b S. Joseph$01390800 702 $aPontano$b Benjamin A. 702 $aChalmers$b Harvey 712 02$aCOMSAT Laboratories, 712 02$aLewis Research Center, 801 0$bGPO 801 1$bGPO 906 $aBOOK 912 $a9910704921003321 996 $aOnboard processing satellite network architecture and control study$93443858 997 $aUNINA LEADER 03033nam 2200577 a 450 001 9910781134203321 005 20230725051643.0 010 $a1-58729-941-0 035 $a(CKB)2550000000019504 035 $a(EBL)843258 035 $a(OCoLC)671835093 035 $a(SSID)ssj0000424489 035 $a(PQKBManifestationID)11250120 035 $a(PQKBTitleCode)TC0000424489 035 $a(PQKBWorkID)10474336 035 $a(PQKB)11085215 035 $a(MiAaPQ)EBC843258 035 $a(MdBmJHUP)muse3016 035 $a(Au-PeEL)EBL843258 035 $a(CaPaEBR)ebr10405249 035 $a(EXLCZ)992550000000019504 100 $a20100216d2010 uy p 101 0 $aeng 135 $aur|n|---||||| 181 $ctxt 182 $cc 183 $acr 200 10$aOn tact, & the made up world$b[electronic resource] /$fMichele Glazer 205 $a1st ed. 210 $aIowa City, Iowa $cUniversity of Iowa Press$d2010 215 $a1 online resource (81 p.) 225 1 $aKuhl House poets 300 $aDescription based upon print version of record. 311 $a1-58729-908-9 327 $aContents; Acknowledgments; One; I didn't think much about what it was; Trace; Every hole in the bird blind says; In the lava tube; Flu?chtling; Not where you found me but where you looked,; Cup; Worm, (to a rumor of lilies); Untitled; On religion, war, nature, and the horse; Two; That Would Be Whidbey; Distances at Sea; Mattress; The rabbi is pressed into service; The least amount of stirred air a figure needed; Beds of Clandestine; To the better view; The least part best; Say the Unseen; What so ever you; bright things; Three; Fungus, with Daguerreotype; aperture with wings 327 $aYour drawing of a horsemanifesto; She would have to do what she could do with it; Green Animals; Metonymic Sonnet; To the ru?ckenfigur; Two Descending a Staircase; Child and Woman; Cradle; Notes on tact & the made up world; Part of which is remembered and the other part is not forgotten; Elegy; Notes; Kuhl House Poets 330 $a Michele Glazer's poems take on questions of being and value, exploring not just what is, but how it is. The poems trouble borders-between self and other, old and young, sick and well, stranger and intimate; between physical states in processes of decay; and between line and phrase, sentence and interruption, prose and poem, resisting the desire for something irrefutable with an abiding skepticism. The poems are drawn to missteps in perception and in language, those fractures that promise to crack open a surface to yield some other, grea 410 0$aKuhl House poets. 606 $aAmerican poetry$y21st century 615 0$aAmerican poetry 676 $a811.54 676 $a811/.54 676 $a821.92 700 $aGlazer$b Miche?le$f1958-$01464092 801 0$bMiAaPQ 801 1$bMiAaPQ 801 2$bMiAaPQ 906 $aBOOK 912 $a9910781134203321 996 $aOn tact, & the made up world$93673651 997 $aUNINA